Roundel Symbols of the World - Statistics

General Stats
  • This quiz has been taken 212 times
  • The average score is 69 of 149
Answer Stats
Picture Answer % Correct
Czech Republic
85%
India
83%
Canada
82%
South Korea
80%
Switzerland
80%
Romania
79%
Italy
77%
Thailand
76%
Angola
75%
Germany
74%
Israel
74%
Pakistan
74%
Niger
73%
Ireland
72%
China
71%
Panama
71%
Taiwan
70%
United Arab Emirates
70%
Slovakia
69%
Australia
68%
New Zealand
68%
United States
68%
Brazil
67%
Laos
67%
Malta
67%
Saudi Arabia
67%
Argentina
66%
Bangladesh
66%
Cambodia
66%
Syria
66%
Morocco
65%
Sweden
65%
France
64%
Latvia
63%
Mauritania
63%
Kazakhstan
62%
Nigeria
61%
Papua New Guinea
61%
United Kingdom
61%
Luxembourg
60%
Azerbaijan
59%
Eritrea
59%
Mongolia
59%
Algeria
58%
Armenia
58%
Tunisia
58%
Honduras
57%
Japan
57%
Colombia
56%
Mali
56%
North Korea
56%
Turkmenistan
56%
Portugal
55%
Ukraine
55%
Dominican Republic
54%
Ethiopia
52%
Netherlands
52%
Poland
52%
Uganda
52%
Belgium
51%
Venezuela
51%
Vietnam
51%
Gabon
50%
Kyrgyzstan
50%
Libya
50%
Belarus
49%
Benin
49%
Chile
49%
Lithuania
49%
Mauritius
49%
Albania
48%
Indonesia
48%
Russia
48%
Estonia
47%
Jordan
47%
Sierra Leone
47%
Bahamas
46%
Brunei
46%
Chad
46%
Hungary
46%
Malawi
46%
Sudan
46%
Cuba
45%
Egypt
45%
Serbia
45%
Finland
44%
Kenya
44%
Norway
44%
Oman
44%
Central African Republic
43%
Spain
43%
Ecuador
42%
Togo
42%
Uruguay
41%
Burkina Faso
40%
Zimbabwe
40%
Austria
39%
Slovenia
38%
Uzbekistan
37%
Zambia
37%
Bulgaria
36%
Suriname
36%
Djibouti
35%
Peru
35%
Lebanon
34%
Yemen
34%
Philippines
33%
Turkey
33%
Guinea
32%
Croatia
31%
Democratic Republic of the Congo
31%
El Salvador
31%
Greece
31%
Sri Lanka
31%
Botswana
30%
Côte d'Ivoire
30%
Guatemala
30%
Bolivia
29%
Jamaica
29%
Moldova
28%
Cameroon
26%
Denmark
26%
Myanmar
26%
North Macedonia
26%
Georgia
25%
Mexico
25%
Qatar
25%
South Africa
25%
Tajikistan
25%
Lesotho
24%
Malaysia
24%
Iran
23%
Nepal
23%
Iraq
21%
Montenegro
21%
Senegal
21%
Bahrain
20%
Maldives
18%
Ghana
16%
Equatorial Guinea
15%
Kuwait
15%
Madagascar
15%
Trinidad and Tobago
15%
Republic of Congo
14%
Seychelles
13%
Cyprus
12%
Mozambique
12%
Transnistria
12%
Paraguay
11%
No matching quizzes found
Score Distribution
Percent of People with Each Score
Percentile by Number Answered
Your Score History
You have not taken this quiz